00421nam a2200157Ia 4500003000400000008004100004040001600045082001500061100001700076245005300093260005800146300001000204650002200214650001300236650001400249GCL140319s9999 xx 000 0 eng d aGCL / cGCL04a004.1bS C1 aSHARP, VICKI10aCOMPUTER EDUCATION FOR TEACHERS / cSHARP, VICKI a[S.N] : bWM. C. BROWIN COMMUNICATIONS, INC ، c1993 a461 P04aشعر الحرب04aTEACHERS04aEDUCATION